Tilastot visalle Valtiot, joiden nimessä on pääilmansuunta

Klikkaa tästä pelataksesi tätä visaa!

Yleistilastot

  • Tätä visaa on pelattu 944 kertaa
    (943 viimeisimmän päivityksen jälkeen)
  • Keskiarvotulos 5 / 7

Vastaustilastot

Valtio% Oikein
Etelä-Korea
92%
Pohjois-Korea
91%
Etelä-Afrikka
84%
Etelä-Sudan
79%
Itä-Timor
74%
Pohjois-Makedonia
65%
Itävalta
27%

Tulosjakauma

Persentiili vastausten määrän mukaan

Jokaisen tuloksen saaneiden osuus

Tuloshistoriasi

Et ole pelannut tätä visaa sen viimeisimmän päivityksen jälkeen